000 00316nam a22001217a 4500
008 190314b xxu||||| |||| 00| 0 eng d
041 _aeng
080 _a043.3
100 _a0
101 _aSHKI-MA
245 _aEficienca e energjise ne rrjetat e komunikimit mobil, 3G, 4H dhe LTE
_cHasanmetaj, A
942 _2udc
_cBK
999 _c54804
_d54804